Ensayos legislativos (Registro nro. 98540)
[ vista simple ]
| 000 -LEADER | |
|---|---|
| fixed length control field | 00577cam a2200193 4500 |
| 005 - DATE AND TIME OF LATEST TRANSACTION | |
| control field | 20210520125301.0 |
| 008 - FIXED-LENGTH DATA ELEMENTS--GENERAL INFORMATION | |
| fixed length control field | 210520b mx ||||| |||| 00| 0 spa d |
| 050 04 - LIBRARY OF CONGRESS CALL NUMBER | |
| Classification number | JL1254 |
| Item number | E57 2003 |
| 245 00 - TITLE STATEMENT | |
| Title | Ensayos legislativos |
| Statement of responsibility, etc | / |
| 250 ## - EDITION STATEMENT | |
| Edition statement | 1a ed. |
| 260 ## - PUBLICATION, DISTRIBUTION, ETC. (IMPRINT) | |
| Place of publication, distribution, etc | México : |
| Name of publisher, distributor, etc | Senado de la República LVIII Legislatura : |
| -- | ITAM, |
| Date of publication, distribution, etc | 2003 |
| 300 ## - PHYSICAL DESCRIPTION | |
| Extent | 272 p. : |
| Dimensions | 21 cm. |
| 504 ## - BIBLIOGRAPHY, ETC. NOTE | |
| Bibliography, etc | Incluye bibliografía |
| 506 ## - RESTRICTIONS ON ACCESS NOTE | |
| Terms governing access | Donación |
| 650 #4 - SUBJECT ADDED ENTRY--TOPICAL TERM | |
| Topical term or geographic name as entry element | Congreso |
| Geographic subdivision | México |
| 650 #7 - SUBJECT ADDED ENTRY--TOPICAL TERM | |
| Source of heading or term | lemb |
| Topical term or geographic name as entry element | Gobierno federal |
| Geographic subdivision | México |
| 650 #4 - SUBJECT ADDED ENTRY--TOPICAL TERM | |
| Topical term or geographic name as entry element | Política y gobierno |
| Geographic subdivision | México |
| 942 ## - ADDED ENTRY ELEMENTS (KOHA) | |
| Source of classification or shelving scheme | Biblioteca del Cogreso de los Estados Unidos |
| Koha item type | Libro |
| Estado de pérdida | Fuente de clasificación | Estado del daño | No para préstamo | Ubicación permanente | Ubicación actual | Apartado o colección | Fecha de adquisición | Edición | Dependencia de educación superior (DES) | Área del conocimiento | Total Checkouts | Clasificación | Código de Barras | Date last seen | Número de copia | Costo por reposición | Tipo de recurso |
|---|---|---|---|---|---|---|---|---|---|---|---|---|---|---|---|---|---|
| Biblioteca del Cogreso de los Estados Unidos | Biblioteca de la Facultad de Derecho y Ciencias Sociales "Felipe J. Tena" | Biblioteca de la Facultad de Derecho y Ciencias Sociales "Felipe J. Tena" | General | 20/05/2021 | 1a ed. | Derecho | Ciencias Sociales y Administrativas | JL1254 E57 2003 | BFD000012411 | 20/05/2021 | 1 | 1.00 | Libro |